000 00413nam a2200121Ia 4500
008 220216s9999 xx 000 0 und d
100 _aMani K.T.
245 0 _aEffect of viscosity-modifiers on the pick-up and technical properties of dipped goods
260 _bM.Tech. Thesis, Indian Institute of Technology, Kharagpur, India, 63 p.
_c1983
650 _aDipped good
650 _aViscosity modifier
942 _cBS
999 _c52631
_d52631